Hazbin Hotel - Don't You Forget - Statistics

General Stats
  • This quiz has been taken 125 times
  • The average score is 154 of 201
Answer Stats
Answer % Correct
do
99%
you
99%
You
99%
for
96%
forget !
96%
forget
96%
forget)
96%
I
96%
(I
96%
Don't
95%
a
93%
your
93%
my
92%
(my)
92%
who
91%
An
89%
an
89%
pet
89%
are
88%
the
88%
The
88%
to
88%
in
87%
In
87%
could
85%
so
85%
and
84%
And
84%
deer
84%
you're
84%
You're
84%
when
83%
woman
83%
honest
81%
really
81%
talking
81%
like
80%
of
80%
dear
79%
say
79%
sit
79%
stay
79%
zoo !
79%
go
77%
least
77%
me
77%
no
77%
we
77%
be
76%
is
76%
know
76%
little
76%
or
76%
won't
76%
reminder
75%
there
75%
always
73%
fix
73%
name
73%
on
73%
since
73%
ear
72%
fear
72%
lend
72%
but
71%
less
71%
met)
71%
much
71%
over
71%
play
71%
staff
71%
along
69%
fetch
69%
I'm
69%
with
69%
words
69%
dead
68%
remember
68%
time
68%
roll
67%
Sing
67%
(Yours
67%
disappear
65%
I've
65%
net
65%
not
65%
years
65%
yet)
65%
(At
64%
kind
64%
served
64%
Sounds
64%
ball
63%
just
63%
made
63%
this
63%
age
61%
have
61%
inspires
61%
it's
61%
Looks
61%
mine
61%
alone
60%
due
60%
own !
60%
rage
60%
account
59%
contained
59%
behalf
57%
day
57%
Fine !
57%
Went
57%
settle
56%
true
56%
way
56%
air
55%
make
55%
faithfully
53%
off
53%
out !
53%
There's
53%
you'll
53%
dealt
52%
'til
51%
moves
49%
demands
48%
fairly
48%
Obeyed
48%
patient
47%
can't
41%
been
40%
flown
36%
(I'll)
32%
coop
29%
debtor
28%
that
21%
No matching quizzes found
Score Distribution
Percent of People with Each Score
Percentile by Number Answered
Your Score History
You have not taken this quiz